000
00216nam a2200097Ia 4500
008
240331s9999 xx 000 0 und d
082
_a
302.234
_b
MAR
100
_a
Sriram,V
245
0
_a
Marapai meeria cinema
942
_c
L
999
_c
1183
_d
1183